<?xml version="1.0" encoding="UTF-8"?><?xml-stylesheet type="text/xsl" href="static/style.xsl"?><OAI-PMH xmlns="http://www.openarchives.org/OAI/2.0/" xmlns:xsi="http://www.w3.org/2001/XMLSchema-instance" xsi:schemaLocation="http://www.openarchives.org/OAI/2.0/ http://www.openarchives.org/OAI/2.0/OAI-PMH.xsd"><responseDate>2026-04-14T02:50:41Z</responseDate><request verb="GetRecord" identifier="oai:www.recercat.cat:2099.1/16374" metadataPrefix="marc">https://recercat.cat/oai/request</request><GetRecord><record><header><identifier>oai:recercat.cat:2099.1/16374</identifier><datestamp>2026-03-16T08:37:26Z</datestamp><setSpec>com_2072_1033</setSpec><setSpec>col_2072_452951</setSpec></header><metadata><record xmlns="http://www.loc.gov/MARC21/slim" xmlns:dcterms="http://purl.org/dc/terms/" xmlns:xsi="http://www.w3.org/2001/XMLSchema-instance" xmlns:doc="http://www.lyncode.com/xoai" xsi:schemaLocation="http://www.loc.gov/MARC21/slim http://www.loc.gov/standards/marcxml/schema/MARC21slim.xsd">
   <leader>00925njm 22002777a 4500</leader>
   <datafield ind2=" " ind1=" " tag="042">
      <subfield code="a">dc</subfield>
   </datafield>
   <datafield ind2=" " ind1=" " tag="720">
      <subfield code="a">López Virú, Julio César</subfield>
      <subfield code="e">author</subfield>
   </datafield>
   <datafield ind2=" " ind1=" " tag="260">
      <subfield code="c">2012-07</subfield>
   </datafield>
   <datafield ind2=" " ind1=" " tag="520">
      <subfield code="a">La asignatura obligatoria de sistemas electrónicos&#xd;
impartida en los grados de ingeniería, relacionados con&#xd;
la electricidad y la electrónica, del campus de Vilanova&#xd;
de la Universitat Politècnica de Catalunya nos abre paso&#xd;
hacia una propuesta para el aprendizaje, prevista fuera&#xd;
de clases, en la que será el propio estudiante el&#xd;
responsable de su aprendizaje. La técnica docente&#xd;
propuesta corresponde al Aprendizaje Basado en Problemas&#xd;
y el material de aprendizaje es la herramienta&#xd;
informática Matlab 7. La aplicación de la técnica en&#xd;
ingeniería sobre el programa matemático está focalizada a&#xd;
su uso en el análisis de circuitos, por tanto hay que&#xd;
ofrecer por una parte el diseño de la estrategia de&#xd;
aprendizaje y, por el otro, el material necesario para&#xd;
llevar a buen puerto la práctica. Este proyecto aboga por&#xd;
el aprendizaje basado en problemas, como evaluarlo,&#xd;
sugiere una propuesta docente para el conocimiento y&#xd;
aplicación de Matlab en el análisis de circuitos&#xd;
electrónicos. Plantea la forma y el material necesario&#xd;
para llevar a cabo este método docente propuesto para&#xd;
habilitar al alumno es el dominio de la aplicación del&#xd;
software Matlab para la solución circuital.</subfield>
   </datafield>
   <datafield tag="653" ind2=" " ind1=" ">
      <subfield code="a">Àrees temàtiques de la UPC::Ensenyament i aprenentatge::Metodologies docents::Aprenentatge basat en problemes i projectes</subfield>
   </datafield>
   <datafield tag="653" ind2=" " ind1=" ">
      <subfield code="a">Problem-based learning</subfield>
   </datafield>
   <datafield tag="653" ind2=" " ind1=" ">
      <subfield code="a">ABP</subfield>
   </datafield>
   <datafield tag="653" ind2=" " ind1=" ">
      <subfield code="a">PBL</subfield>
   </datafield>
   <datafield tag="653" ind2=" " ind1=" ">
      <subfield code="a">Aprendizaje</subfield>
   </datafield>
   <datafield tag="653" ind2=" " ind1=" ">
      <subfield code="a">Método</subfield>
   </datafield>
   <datafield tag="653" ind2=" " ind1=" ">
      <subfield code="a">Matlab</subfield>
   </datafield>
   <datafield tag="653" ind2=" " ind1=" ">
      <subfield code="a">Cramer</subfield>
   </datafield>
   <datafield tag="653" ind2=" " ind1=" ">
      <subfield code="a">EDO</subfield>
   </datafield>
   <datafield tag="653" ind2=" " ind1=" ">
      <subfield code="a">Laplace</subfield>
   </datafield>
   <datafield tag="653" ind2=" " ind1=" ">
      <subfield code="a">Análisis</subfield>
   </datafield>
   <datafield tag="653" ind2=" " ind1=" ">
      <subfield code="a">Circuitos</subfield>
   </datafield>
   <datafield tag="653" ind2=" " ind1=" ">
      <subfield code="a">Aprenentatge basat en problemes</subfield>
   </datafield>
   <datafield ind2="0" ind1="0" tag="245">
      <subfield code="a">Análisis de circuitos mediante la herramienta Matlab 7</subfield>
   </datafield>
</record></metadata></record></GetRecord></OAI-PMH>